Регионална библиотека "Любен Каравелов" - Русе

Бурята (Запис номер 164202)

MARC детайли
000 -Лидер
Контролно поле с фиксирана дължина 01559nam a2200373 c 4500
003 - Код на организацията, давaща контролен номер
Контролно поле BLK
005 - Дата и час на последна редакция
Контролно поле 20180422113954.0
008 - Елементи от данни с фиксирана дължина
fixed length control field 180410b bul|||||r ||||||| ||bul||
010 ## - Наследен системен номер
LC control number KNG00171699000
020 ## - Международен стандартен номер на книга ISBN
Международен стандартен номер на книга ISBN 978-954-2928-53-9
-- издат.: Pro Book
040 ## - Източник на каталожния запис
Идентификатор на билиотеката - собственик на записа BLK
041 ## - Код за език
Код за езика на текст/звукозапис или на отделно заглавие Български
Код за езика КДБФ Български
072 #7 - Код за тематичната категория
Код организация bullib
Код за тематична категория Н83
Текст Чужда художествена литература Н
080 ## - УДК
Текстов определител УДК Американска литература (на САЩ)
УДК код - определител по УДК 821.111(73)
УДК определител -312.4
УДК - код + определител 821.111(73)-312.4
100 1# - Редна дума - Автор
Автор Къслър, Клайв
Авторска отговорност първи автор
R(LIN) 277338
139 ## - Редно поле
Редна дума Каслър, Клайв и др.
Авторски знак Кас - К 45
245 10 - Сведения за заглавието
Заглавие Бурята
Редно поле (дума) Клайв Къслър; * Клайв Каслър; съавт. Греъм Браун; прев. от англ. Александър Владовски.
257 ## - Страна на издаване
Страна на създаване/издаване Съединени американски щати
260 ## - Област на издателските данни
-- София
Име на издателя, разпространителя и проч. Pro Book
Година на издаване 2013
Печатница В. Търново : Абагар
300 ## - Физическа характеристика
Страници 400 с.
Размери/Мащаб 21 см
380 ## - Жанр
Жанр Худож. лит.
490 1# - СЕРИИ (Колекции)
Име на серия Архивите на НАМПД
490 1# - СЕРИИ (Колекции)
-- Подсерия
Име на серия Приключенията на Кърт Остин
500 ## - Общи забележки
Забележка Ориг. загл.: The storm / Clive Cussler and Graham Brown
659 ## - Тематичен бюлетин
Тематичен бюлетин Н
700 1# - Други автори (авторска отговорност)
Лично име Каслър, Клайв
Автороска отговорност (Описва отношението между автора и произведението) *
9 (RLIN) 364148
700 1# - Други автори (авторска отговорност)
Лично име Браун, Греъм
Автороска отговорност (Описва отношението между автора и произведението) съавт.
9 (RLIN) 382039
700 1# - Други автори (авторска отговорност)
Лично име Владовски, Александър
Автороска отговорност (Описва отношението между автора и произведението) прев. от англ.
9 (RLIN) 382040
852 ## - Местоположение
Форматна сигнатура Цб 272856
856 4# - Електронен адрес и достъп
Електронен формат pdf - файл
Път до файла /url/
856 4# - Електронен адрес и достъп
Електронен формат pdf - файл
Път до файла /url/
942 ## - АРТИКУЛИ
Вид на библиотечния материал Книги
Скрит в OPAC Не
944 ## - СЪЗДАВАНЕ И РЕДАКЦИЯ на ЗАПИСА
Създаване/Редакция Създаване
Дата на регистрацията/редакция 20.02.2015
Служител, извършил регистрацията/редакцията Виолета_Тройчева
944 ## - СЪЗДАВАНЕ И РЕДАКЦИЯ на ЗАПИСА
Създаване/Редакция Редакция
Дата на регистрацията/редакция 23.11.2017
Служител, извършил регистрацията/редакцията Виолета_Тройчева
999 ## - СИСТЕМНИ КОНТРОЛНИ НОМЕРА
Koha biblionumber 164202
Koha biblioitemnumber 164202
Наличности
Код за отписване Код за изгубен артикул Код за повреда Коз за рестрикции Код за отдаване Артикулен № Име на библиотеката - собственик Име на библиотеката, в която се намира в момента Статус (Текущо местоположение) Дата на вписване в системата Местоположение - отдел Цена в лева Инвентарен номер Систематично азбучна сигнатура Баркод Номер на екземпляра Цена в евро Служебна бележка Служебен тип на артикула
  Не е изгубен Не е повреден без рестрикции ползва се в читалня 275869 Регионална библиотека "Любен Каравелов" Русе Регионална библиотека "Любен Каравелов" Русе Хранилище 2015-02-21 Хранилище 15.99 120000785704 Цб 272856 120000785704 1 8.18 Дост: Dp Вид: Д N: 27 Дата: 11.06.2014 Книги
Vip Innovations Ltd, Rousse, Bulgaria 2025